| 000 | 00481nam a2200157 i 4500 | ||
|---|---|---|---|
| 001 | 137193 | ||
| 003 | ES-MaACL | ||
| 005 | 20230906195328.0 | ||
| 007 | t| | ||
| 008 | 070214s1913 sp r ||||1| spa d | ||
| 100 | 1 |
_aSalvat y Navarro, Antonio. _9102123 |
|
| 245 | 1 | 3 |
_aEl atoxil en la sífilis _b: tesis doctoral / _cAntonio Salvat y Navarro. |
| 260 |
_aValencia : _b[s.n.], _c1913 ( _fTip. Hijos de F. Vives Mora) |
||
| 650 | 0 | 4 |
_aSífilis. _917092 |
| 852 |
_aES-MaACL _jT-1365-F-7 |
||
| 999 |
_c137193 _d137193 |
||